000 00479nam a2200169Ia 4500
001 7555
003 GE_BSU
008 181216s||||||||xx |||||||||||||| ||und||
040 _cGE_BSU
245 _aУспехи современной биологии, Том 133.№3.2013.
245 _cгл.ред.И.А.Захаров-Гезечус и др.
260 _aМосква.
260 _bНАУКА.
260 _c2013.Май-Июнь.
300 _a318ст;28см.
942 _cCR
999 _c40910
_d40910